Czy znasz tablice rejestracyjne województwa lubelskiego? - Statystyki

Ogólne statystyki
  • Ten quiz został rozwiązany 469 razy
  • Średni wynik to 22 z 24
Statystyki odpowiedzi
Powiat Wyróżnik % Poprawnych
Biała Podlaska LB
96%
Chełm LC
96%
powiat chełmski LCH
96%
Lublin LU
96%
powiat hrubieszowski LHR
94%
powiat kraśnicki LKR
94%
powiat lubelski LUB
94%
Zamość LZ
94%
powiat zamojski LZA
94%
powiat bielski LBI
93%
powiat puławski LPU
93%
powiat janowski LJA
92%
powiat opolski LOP
92%
powiat radzyński LRA
92%
powiat włodawski LWL
92%
powiat rycki LRY
91%
powiat świdnicki LSW
91%
powiat biłgorajski LBL
90%
powiat krasnostawski LKS
90%
powiat parczewski LPA
90%
powiat tomaszowski LTM
90%
powiat lubartowski LLB
89%
powiat łęczycki LLE
89%
powiat łukowski LLU
88%
Nie znaleziono quizów pasujących do podanych kryteriów
Rozkład punktacji
Procent ludzi z każdym wynikiem
Percentyl według liczby udzielonych odpowiedzi
Twoja historia wyników
Nie rozwiązałeś tego quizu